[Event "Challenge"]
[Site "http://www.queenalice.com/game.php?id=1594645"]
[Date "2019.12.31"]
[Round "-"]
[White "din4"]
[Black "falcom4"]
[Result "0-1"]
[WhiteElo "1476"]
[BlackElo "1500"]

1. d4 d6 2. d5 Nf6 3. c4 a6 4. Qa4+ Bd7 5. Qb3 b5 6. f3 bxc4 7. Qb7 c6 8. Qxa8
Qb6 9. Nd2 Nxd5 10. Nxc4 Qc7 11. e4 Nb4 12. Na3 e6 13. Bd2 c5 14. e5 d5 15. Rc1
Bc6 16. Nb5 axb5 17. Qxb8+ Qxb8 18. Bxb4 Qxe5+ 19. Ne2 c4 20. Bxf8 Rxf8 21. Rc2
Ke7 22. Kf2 Ra8 23. a3 d4 24. g4 Qe3+ 25. Kg3 d3 26. Rc3 Bxf3 27. Bg2 Bxg2+ 28.
Kxg2 Qxe2+ 29. Kg3 d2 30. Rc2 Rd8 31. Rxd2 Rxd2 32. Rc1 g5 33. h4 Qe3# 0-1

[Event "Challenge"]
[Site "http://www.queenalice.com/game.php?id=1597461"]
[Date "2020.1.26"]
[Round "-"]
[White "falcom4"]
[Black "doriam2203"]
[Result "1/2-1/2"]
[WhiteElo "1688"]
[BlackElo "1680"]

1. e4 e5 2. Nf3 d6 3. Bc4 h6 4. Nc3 a6 5. a4 Nc6 6. Nd5 Nge7 7. O-O Be6 8. c3
Na5 9. Ba2 Nxd5 10. exd5 Bg4 11. Re1 Bxf3 12. Qxf3 b6 13. d4 Qf6 14. Qh5 O-O-O
15. dxe5 dxe5 16. Rxe5 g6 17. Qg4+ Kb8 18. Bf4 Nb7 19. Rae1 Bd6 20. R5e4 Nc5 21.
Rd4 Rhe8 22. Be3 h5 23. Qd1 Ne4 24. f3 Nc5 25. Rd2 Nxa4 26. Kh1 Qe5 27. g3 h4
28. f4 Qe4+ 29. Kg1 hxg3 30. Qe2 gxh2+ 31. Qxh2 Rh8 32. Bf2 Qxf4 33. Qxf4 Bxf4
34. Rd4 Bh2+ 35. Kg2 Nc5 36. b4 Nb7 37. Bh4 Rde8 38. Rxe8+ Rxe8 39. Bb3 Bd6 40.
Bf6 Rg8 41. Kf3 b5 42. Rh4 a5 43. bxa5 Nxa5 44. Ba2 Rf8 45. Rh7 Nb7 46. Kg4 Nc5
47. Bb1 Kc8 48. Kg5 Na4 49. Kh6 Nb6 50. Ba2 Nc4 51. Bxc4 bxc4 52. Bg7 Re8 53.
Bf6 Rf8 54. Kg7 Kb7 55. Rh8 Rxh8 56. Kxh8 Bf4 57. Kg7 g5 58. Kxf7 g4 59. Bd4 g3
60. Ke6 g2 61. Bg1 Bd2 62. d6 cxd6 63. Kxd6 Bxc3 64. Kd5 Bb4 65. Kxc4 1/2-1/2

[Event "Challenge"]
[Site "http://www.queenalice.com/game.php?id=1597811"]
[Date "2020.1.30"]
[Round "-"]
[White "pokemon"]
[Black "falcom4"]
[Result "1/2-1/2"]
[WhiteElo "1788"]
[BlackElo "1685"]

1. d4 Nf6 2. Nf3 e6 3. e3 g6 4. Bd3 Bg7 5. O-O O-O 6. c3 d5 7. Nbd2 b6 8. e4 Bb7
9. e5 Nfd7 10. Nb3 c5 11. Bc2 Nc6 12. Ng5 a5 13. Qg4 a4 14. Nd2 b5 15. Ndf3 b4
16. Qh3 h6 17. Nxe6 fxe6 18. Qxe6+ Rf7 19. Bxg6 Qe7 20. Qxd5 Nd8 21. Bxf7+ Qxf7
22. Qxf7+ Kxf7 23. Nh4 Ne6 24. Nf5 cxd4 25. Nd6+ Ke7 26. cxd4 Bd5 27. Be3 Nb6
28. Rfc1 Kd7 29. b3 a3 30. Rc2 Nd8 31. Rac1 Nc6 32. Nf7 Rc8 33. Nxh6 Bxh6 34.
Bxh6 Nxd4 35. Rxc8 Nxc8 36. Rd1 Ne2+ 37. Kf1 Nc3 38. Rd2 Ke6 39. f4 Bxb3 40.
axb3 a2 41. Rxa2 Nxa2 42. Bf8 Nb6 43. g4 Nd7 44. Bxb4 Nxb4 45. h4 Nd5 46. b4
Nxf4 47. Kf2 Kxe5 48. Kf3 Ne6 49. h5 Ng5+ 50. Kg3 Nf6 51. b5 Nfh7 52. b6 Kd6 53.
b7 Kc7 54. b8=B+ Kxb8 55. Kh4 Kc7 56. Kg3 Kd6 57. Kf2 Ke5 58. Ke1 Kf4 59. Kd2
Kxg4 60. Kc3 Kxh5 61. Kd4 Kg4 62. Kd3 Nf6 63. Kd4 Kf4 64. Kd3 Ne6 65. Kc4 Ke4
66. Kc3 Kd5 67. Kd3 Nc5+ 68. Ke3 Ke5 69. Kf3 Kd4 70. Kf4 Ncd7 71. Kf5 Ke3 72.
Ke6 Ke4 73. Kd6 Kd4 74. Ke6 Ke4 75. Kd6 Kd4 76. Ke6 Ke4 1/2-1/2

[Event "Challenge"]
[Site "http://www.queenalice.com/game.php?id=1598094"]
[Date "2020.2.2"]
[Round "-"]
[White "din4"]
[Black "falcom4"]
[Result "0-1"]
[WhiteElo "1536"]
[BlackElo "1813"]

1. d4 Nf6 2. d5 c5 3. c4 d6 4. Qa4+ Bd7 5. Qb3 b6 6. f3 g6 7. Bg5 Bg7 8. Qe3 O-O
9. Bh6 Re8 10. g4 Bc8 11. Bxg7 Kxg7 12. Qc3 h6 13. h4 Rh8 14. h5 e6 15. hxg6
fxg6 16. g5 hxg5 17. Rxh8 Qxh8 18. Nh3 Qh4+ 19. Kd1 exd5 20. cxd5 Bxh3 21. Bxh3
Qxh3 22. f4 Qxc3 23. Nxc3 gxf4 24. Nb5 Na6 25. Nxd6 Rd8 26. Nb5 Rxd5+ 27. Ke1
Nb4 28. Kf1 g5 29. Nxa7 g4 30. Kf2 Ne4+ 31. Kg2 Rh5 32. Rh1 Rxh1 33. Kxh1 f3 34.
exf3 gxf3 35. a3 Nc2 36. Nc8 f2 37. Kg2 Ne3+ 38. Kf3 f1=Q+ 39. Kxe4 Nc4 40. a4
Qe2+ 41. Kd5 Qd3+ 42. Kc6 Qb3 43. Nxb6 Qxb6+ 44. Kd5 Nxb2 45. a5 Qxa5 46. Ke4
Qd2 47. Ke5 c4 48. Ke6 c3 49. Ke7 c2 50. Ke6 c1=Q 51. Ke5 Qce1+ 52. Kf5 Qdf2+
53. Kg4 Qeg1+ 54. Kh3 Qfh2# 0-1

[Event "Challenge"]
[Site "http://www.queenalice.com/game.php?id=1598533"]
[Date "2020.2.5"]
[Round "-"]
[White "pokemon"]
[Black "falcom4"]
[Result "0-1"]
[WhiteElo "1823"]
[BlackElo "1711"]

1. d4 d5 2. e3 Nf6 3. Nf3 Bf5 4. Bd3 e6 5. c3 Bxd3 6. Qxd3 c5 7. Nbd2 c4 8. Qc2
Bd6 9. e4 dxe4 10. Nxe4 O-O 11. Nxd6 Qxd6 12. Qa4 Qc6 13. Qb4 Nd5 14. Qa3 Nd7
15. O-O b5 16. Bd2 a5 17. b3 b4 18. Qb2 Ra6 19. Rfe1 Rfa8 20. Rec1 bxc3 21. Bxc3
a4 22. bxc4 Nxc3 23. Rxc3 a3 24. Ne1 axb2 0-1

[Event "Challenge"]
[Site "http://www.queenalice.com/game.php?id=1598561"]
[Date "2020.2.6"]
[Round "-"]
[White "falcom4"]
[Black "Alsina"]
[Result "0-1"]
[WhiteElo "1834"]
[BlackElo "2621"]

1. d4 Nf6 2. c4 g6 3. Nc3 Bg7 4. e4 O-O 5. Nf3 d6 6. Be2 e5 7. O-O Na6 8. dxe5
dxe5 9. Qxd8 Rxd8 10. Bg5 Re8 11. Bxf6 Bxf6 12. Nd5 Bd8 13. Ne3 Nc5 14. Nd2 a5
15. a3 a4 16. Nd5 c6 17. Nb4 Bb6 18. Kh1 Be6 19. f3 Red8 20. Rad1 Rd4 21. Nc2
Rd3 22. Nb4 Re3 23. Rfe1 Rd8 24. Nc2 Nd3 25. Bxd3 Rexd3 26. Re2 Ba5 0-1

[Event "Challenge"]
[Site "http://www.queenalice.com/game.php?id=1599735"]
[Date "2020.2.17"]
[Round "-"]
[White "Alsina"]
[Black "falcom4"]
[Result "1-0"]
[WhiteElo "2630"]
[BlackElo "1789"]

1. d4 d5 2. c4 e6 3. cxd5 exd5 4. Nc3 c6 5. Bf4 Nf6 6. e3 Be7 7. Nf3 Ne4 8. Bd3
Bb4 9. Qc2 f5 10. Ne5 O-O 11. f3 Nxc3 12. bxc3 Bd6 13. O-O Be6 14. e4 c5 15.
exd5 Bxe5 16. Bxe5 Qxd5 17. c4 Qd8 18. d5 Bc8 19. Rae1 Na6 20. Qc3 Rf7 21. f4 b6
22. Be2 Nb8 23. Bh5 Rd7 24. Bf6 1-0

[Event "Challenge"]
[Site "http://www.queenalice.com/game.php?id=1599802"]
[Date "2020.2.17"]
[Round "-"]
[White "falcom4"]
[Black "pokemon"]
[Result "0-1"]
[WhiteElo "1834"]
[BlackElo "1827"]

1. e4 c6 2. Nf3 d5 3. e5 Bg4 4. d4 Bxf3 5. Qxf3 e6 6. a3 Qb6 7. c3 c5 8. Qe3 Nc6
9. b4 cxd4 10. cxd4 Qxd4 11. Qxd4 Nxd4 12. Bd3 Nb3 13. Bb5+ Kd8 14. Bg5+ Be7 15.
Bxe7+ Nxe7 16. Ra2 Ng6 17. O-O Nxe5 18. Rd1 Rc8 19. Ba4 Nc1 20. Rad2 Ke7 21. f4
Nd7 22. f5 Rc7 23. Re1 Nb6 24. Bb5 Rhc8 25. Rdd1 Na2 26. Bf1 Nc3 27. Rd2 Ne4 28.
Rdd1 exf5 29. Nd2 Kf6 30. Nb3 Rc3 31. Nc5 Nxc5 32. bxc5 R8xc5 0-1

[Event "Challenge"]
[Site "http://www.queenalice.com/game.php?id=1601081"]
[Date "2020.2.29"]
[Round "-"]
[White "pokemon"]
[Black "falcom4"]
[Result "0-1"]
[WhiteElo "1843"]
[BlackElo "1789"]

1. d4 Nf6 2. Nf3 e6 3. e3 d5 4. Bd3 Be7 5. Nbd2 Nbd7 6. c3 c5 7. a3 c4 8. Bc2
O-O 9. e4 dxe4 10. Nxe4 b6 11. a4 Bb7 12. Ned2 Qc7 13. Qe2 Bd5 14. O-O a6 15.
Ne5 b5 16. Qe3 Bd6 17. Nxd7 Nxd7 18. b4 f5 19. Nf3 Rf6 20. axb5 axb5 21. Rxa8+
Bxa8 22. Re1 Bxf3 23. Qxf3 e5 24. dxe5 Nxe5 25. Qd5+ Qf7 26. Qxb5 Qg6 27. Bf4
Nf3+ 28. Kf1 Nxe1 29. Bxd6 Re6 30. Bxf5 Qxg2# 0-1

[Event "Challenge"]
[Site "http://www.queenalice.com/game.php?id=1601502"]
[Date "2020.3.3"]
[Round "-"]
[White "doriam2203"]
[Black "falcom4"]
[Result "1-0"]
[WhiteElo "1705"]
[BlackElo "1830"]

1. e4 e5 2. a3 Nc6 3. Bc4 Nf6 4. d3 Be7 5. Nc3 O-O 6. Nf3 d6 7. h3 h6 8. Nd5 Bg4
9. Nxf6+ Bxf6 10. hxg4 Nd4 11. Nxd4 exd4 12. Qf3 Bg5 13. Bxg5 Qxg5 14. Rh5 Qe7
15. O-O-O c6 16. Rdh1 b5 17. Ba2 c5 18. g5 g6 19. Rxh6 1-0

[Event "Vuelta la burra al torno"]
[Site "http://www.queenalice.com/game.php?id=1601819"]
[Date "2020.3.6"]
[Round "-"]
[White "falcom4"]
[Black "din4"]
[Result "0-1"]
[WhiteElo "1786"]
[BlackElo "1579"]

1. e4 d5 2. exd5 Qxd5 3. Nc3 Qd4 4. Nf3 Qc5 5. a3 a6 6. b4 Qc6 7. Bb2 Qe6+ 8.
Qe2 Qxe2+ 9. Bxe2 Bg4 10. O-O Nc6 11. Nd5 O-O-O 12. c4 e6 13. b5 axb5 14. cxb5
Rxd5 15. bxc6 Rxd2 16. cxb7+ Kxb7 17. Rab1 Kc8 18. Ba6+ Kd8 19. Ne5 Bh5 20. Bc3
Rd5 21. f3 f6 22. Nc6+ Ke8 23. a4 Rc5 24. Rb8+ Kd7 25. Bb5 Rxc3 26. Rd1+ Bd6 27.
Ne5+ Ke7 28. Re8+ Bxe8 0-1

[Event "Challenge"]
[Site "http://www.queenalice.com/game.php?id=1601946"]
[Date "2020.3.8"]
[Round "-"]
[White "MADMIKE"]
[Black "falcom4"]
[Result "0-1"]
[WhiteElo "1822"]
[BlackElo "1740"]

1. d4 Nf6 2. d5 d6 3. c4 e6 4. Nc3 exd5 5. cxd5 b6 6. e4 Bb7 7. Nf3 Nbd7 8. Bb5
a6 9. Bxd7+ Qxd7 10. O-O Ng4 11. h3 Ne5 12. Nxe5 dxe5 13. f4 Bc5+ 14. Kh1 Bd4
15. fxe5 Bxe5 16. Bf4 Qe7 17. Bxe5 Qxe5 18. Qf3 f6 19. Qg4 O-O 20. Rad1 Rad8 21.
Rf2 c6 22. Re2 Rfe8 23. a3 Kf7 24. a4 h5 25. Qf3 Rh8 26. Red2 c5 27. d6 Rd7 28.
Qe3 Rhd8 29. Qe2 g6 30. Qe3 Rxd6 31. Rxd6 Rxd6 32. Rxd6 Qxd6 33. Qf2 Qd4 34. Qf1
Qd2 35. e5 f5 36. Ne2 Qxb2 37. Nf4 Qxe5 38. Nd3 Qe4 39. Nf4 Qxa4 40. Nxh5 c4 41.
Nf4 Qc6 42. Qe2 b5 43. h4 b4 44. h5 gxh5 45. Nxh5 Qe4 0-1

[Event "Challenge"]
[Site "http://www.queenalice.com/game.php?id=1602378"]
[Date "2020.3.12"]
[Round "-"]
[White "falcom4"]
[Black "Mulder"]
[Result "0-1"]
[WhiteElo "1774"]
[BlackElo "2756"]

1. d4 d5 2. c4 e6 3. Nf3 Nf6 4. Bg5 Nbd7 5. cxd5 exd5 6. Nc3 c6 7. a3 h6 8. Bxf6
Nxf6 9. e3 Bd6 10. h3 O-O 11. Bd3 Re8 12. O-O Qe7 13. Nd2 Bd7 14. b4 a5 15. b5
Bxa3 16. Rb1 c5 17. Re1 Bb4 18. Na4 c4 19. Bc2 Bxb5 20. e4 dxe4 21. Nb6 Rad8 22.
Rxe4 Nxe4 23. Nxe4 Qe6 0-1

[Event "El miedo es libre..."]
[Site "http://www.queenalice.com/game.php?id=1606659"]
[Date "2020.4.9"]
[Round "-"]
[White "falcom4"]
[Black "din4"]
[Result "1-0"]
[WhiteElo "1774"]
[BlackElo "1579"]

1. e4 e5 2. Nf3 f6 3. Nc3 Bc5 4. Bc4 c6 5. O-O Nh6 6. h3 d5 7. exd5 Nf5 8. dxc6
Nxc6 9. a3 Ng3 10. Kh2 Nxf1+ 11. Qxf1 Qd6 12. Kg1 g5 13. Ne4 Qe7 14. d3 Nd4 15.
Nxd4 Bxd4 16. c3 Bc5 17. Qd1 h5 18. Qf3 g4 19. Nxf6+ Kd8 20. Qd5+ Bd6 21. Bg5
Kc7 22. Ne4 Qe6 23. Qxe6 Bxe6 24. Bxe6 Bf8 25. h4 Re8 26. Bd5 Be7 27. b4 Bxg5
28. Nxg5 Rh6 29. a4 Rd6 30. c4 a6 31. Re1 b5 32. Nf7 Rf6 33. Rxe5 Rf8 34. Re7+
Kb8 35. axb5 axb5 36. Ne5 Rd6 37. Nd7+ Rxd7 38. Rxd7 bxc4 39. dxc4 Rf4 40. g3
Rd4 41. Rh7 Rxd5 42. cxd5 Kc8 43. b5 Kb8 44. b6 Kc8 45. d6 Kd8 46. b7 Ke8 47.
b8=Q# 1-0

[Event "Challenge"]
[Site "http://www.queenalice.com/game.php?id=1608165"]
[Date "2020.4.18"]
[Round "-"]
[White "Alsina"]
[Black "falcom4"]
[Result "1-0"]
[WhiteElo "2657"]
[BlackElo "1774"]

1. Nf3 d5 2. d4 Nf6 3. Bf4 g6 4. Nc3 a6 5. Qd2 Ne4 6. Nxe4 dxe4 7. Ng5 Bg7 8.
Nxe4 Qxd4 9. Qxd4 Bxd4 10. O-O-O Nc6 11. Rxd4 Nxd4 12. Be5 Nxe2+ 13. Bxe2 O-O
14. Bxc7 Bf5 15. Bf3 Rac8 16. Bb6 Rc6 17. Ba5 b6 18. Nc3 Re6 19. Bb4 Rc8 20. g4
1-0

[Event "Challenge"]
[Site "http://www.queenalice.com/game.php?id=1609293"]
[Date "2020.4.25"]
[Round "-"]
[White "patoche"]
[Black "falcom4"]
[Result "1-0"]
[WhiteElo "2688"]
[BlackElo "1774"]

1. e4 c5 2. Na3 Nc6 3. Bb5 Nd4 4. Ba4 a6 5. c3 Nc6 6. Bxc6 dxc6 7. d3 b5 8. Nf3
e5 9. Nxe5 Qf6 10. Qh5 g6 11. Qg5 Qxg5 12. Bxg5 f6 13. Bf4 Bd6 14. Nxg6 hxg6 15.
Bxd6 Ne7 16. Bxc5 Be6 17. Nc2 Kf7 18. Kd2 g5 19. a4 Bb3 20. axb5 cxb5 21. Nd4
Be6 22. Ra5 Rhc8 23. Bxe7 1-0

[Event "Challenge"]
[Site "http://www.queenalice.com/game.php?id=1611341"]
[Date "2020.5.8"]
[Round "-"]
[White "falcom4"]
[Black "patoche"]
[Result "0-1"]
[WhiteElo "1785"]
[BlackElo "2689"]

1. e4 Nc6 2. d4 d5 3. Nc3 dxe4 4. d5 Ne5 5. f3 e6 6. fxe4 Bd6 7. Bb5+ c6 8. Ba4
b5 9. Bb3 exd5 10. exd5 Bg4 11. Qd4 c5 12. Qe4 Nf6 13. Bg5 Nxe4 14. Bxd8 Nxc3
15. bxc3 Rxd8 16. a4 c4 17. Ba2 bxa4 0-1

[Event "Challenge"]
[Site "http://www.queenalice.com/game.php?id=1612024"]
[Date "2020.5.13"]
[Round "-"]
[White "pokemon"]
[Black "falcom4"]
[Result "1-0"]
[WhiteElo "1860"]
[BlackElo "1785"]

1. d4 d5 2. e3 e6 3. Bd3 Nf6 4. Nf3 c5 5. c3 Nc6 6. a3 h6 7. b4 c4 8. Bc2 Bd6 9.
Nbd2 e5 10. dxe5 Nxe5 11. Nxe5 Bxe5 12. Bb2 Qc7 13. Nf3 Bg4 14. h3 Bxf3 15. Qxf3
O-O 16. O-O Rfe8 17. Rfd1 Rad8 18. Rd2 Ne4 19. Bxe4 dxe4 20. Qe2 Rd3 21. Rxd3
cxd3 22. Qd2 Qc6 23. Rc1 b5 24. c4 bxc4 25. Bxe5 Rxe5 26. f3 exf3 27. Qxd3 Qf6
28. Rxc4 f2+ 29. Kf1 Rf5 30. Qb1 g6 31. Qc1 g5 32. Rc5 Kg7 33. Rxf5 Qxf5 34.
Qc3+ Qf6 35. Qxf6+ Kxf6 36. Kxf2 Ke5 37. Ke2 Ke4 38. a4 f5 39. b5 h5 40. g3 f4
41. exf4 gxf4 42. gxf4 Kxf4 43. Kd3 Ke5 44. Kc4 Kd6 45. h4 Kc7 46. Kc5 Kb7 47.
a5 Kc7 48. a6 Kb8 49. Kd6 1-0

[Event "Challenge"]
[Site "http://www.queenalice.com/game.php?id=1612541"]
[Date "2020.5.16"]
[Round "-"]
[White "DanielAlvesGarciaSantosSilva"]
[Black "falcom4"]
[Result "1-0"]
[WhiteElo "1864"]
[BlackElo "1769"]

1. d4 d5 2. Nc3 e6 3. Bf4 Bb4 4. e3 Nf6 5. f3 c5 6. Ne2 Nc6 7. dxc5 Bxc5 8. Nd4
Bb4 9. Qd3 a6 10. a3 Bxc3+ 11. Qxc3 Qb6 12. Bd3 e5 13. Nxc6 exf4 14. Qe5+ Be6
15. Nd4 Qxb2 16. O-O O-O 17. exf4 Qb6 18. Rfb1 Qa7 19. Kf1 Nd7 20. Qe3 Rfe8 21.
Qf2 f6 22. Nxe6 Rxe6 23. Bf5 Re7 24. Re1 Qxf2+ 25. Kxf2 Rxe1 26. Rxe1 Nc5 27.
Rd1 Rd8 28. c4 d4 29. g4 h6 30. h4 Kf7 31. h5 b5 32. cxb5 axb5 33. Re1 Re8 34.
Bg6+ 1-0

[Event "persistim !!"]
[Site "http://www.queenalice.com/game.php?id=1614156"]
[Date "2020.5.28"]
[Round "-"]
[White "Esporpi63"]
[Black "falcom4"]
[Result "1-0"]
[WhiteElo "1597"]
[BlackElo "1755"]

1. e4 e6 2. d4 d5 3. e5 c5 4. dxc5 Bxc5 5. Nf3 f6 6. Nc3 fxe5 7. Bg5 Qb6 8. Qd2
Bxf2+ 9. Kd1 Bd4 10. Nb5 Nc6 11. Nfxd4 Nxd4 12. Nxd4 Qxd4 13. Bd3 Qxb2 14. Ke2
Qd4 15. h3 Nf6 16. c3 Qc5 17. Rab1 b6 18. Rhf1 O-O 19. Bxf6 gxf6 20. Qh6 e4 21.
Rf4 exd3+ 22. Kxd3 Ba6+ 23. Kd2 Rf7 24. Rbb4 Qf8 25. Qh4 e5 26. Qg3+ Rg7 27. Rg4
Rxg4 28. Qxg4+ Qg7 29. Qe6+ Kf8 30. Rg4 Qf7 31. Qd6+ Ke8 32. Qc6+ Ke7 33. Qxa8
Ke6 34. Qg8 Qxg8 35. Rxg8 e4 36. Ra8 Bf1 37. Rxa7 Bxg2 38. Rxh7 f5 39. h4 Bf3
40. Ke3 Ke5 41. Re7+ Kf6 42. Re8 Bh5 43. Rh8 Bg4 44. Kf4 b5 45. a3 Be2 46. Rf8+
Kg6 47. Rxf5 Bc4 48. Re5 Kh6 49. Re8 1-0